[Event "Keres Memorial rap 33rd"]
[Site "Tallinn"]
[Date "2024.01.06"]
[Round "2"]
[White "Medar, Marti"]
[Black "Nyback, Tomi"]
[Result "0-1"]
[WhiteElo "2052"]
[BlackElo "2578"]
[PlyCount "72"]
[EventDate "2024.01.06"]
[EventType "swiss (rapid)"]
[EventRounds "11"]
[EventCountry "EST"]
[SourceTitle "CB02_2024"]
[SourceDate "2024.01.10"]
[SourceVersion "1"]
[SourceVersionDate "2024.01.10"]
[SourceQuality "1"]

1. Nf3 d5 2. e3 Nf6 3. c4 c6 4. b3 Bg4 5. Be2 Nbd7 6. Bb2 e6 7. Ne5 Nxe5 8. Bxe5 Bxe2 9. Qxe2 Bd6 10. Bxf6 Qxf6 11. Nc3 Bb4 12. Rc1 d4 13. Ne4 Qg6 14. exd4 Qxg2 15. Rf1 Qxh2 16. Qe3 Qh6 17. f4 Rd8 18. c5 0-0 19. Ke2 Qh5+ 20. Rf3 Qd5 21. Rc4 Ba5 22. Rg3 f5 23. Ng5 Bc7 24. Kf2 e5 25. dxe5 Qxd2+ 26. Qxd2 Rxd2+ 27. Ke1 Rfd8 28. Rc1 Ba5 29. Kf1 g6 30. a3 R8d3 31. Rxd3 Rxd3 32. b4 Bd8 33. Ne6 Be7 34. b5 Kf7 35. bxc6 bxc6 36. Ke2 Rd7 0-1

[Event "Viljandi Raud Memorial 57th"]
[Site "Viljandi"]
[Date "2023.07.06"]
[Round "6"]
[White "Medar, Marti"]
[Black "Pedmanson, Albert"]
[Result "0-1"]
[WhiteElo "2080"]
[BlackElo "1931"]
[PlyCount "60"]
[EventDate "2023.07.02"]
[EventType "swiss"]
[EventRounds "9"]
[EventCountry "EST"]
[SourceTitle "CBM 215 Extra"]
[Source "ChessBase"]
[SourceDate "2023.09.30"]
[SourceVersion "1"]
[SourceVersionDate "2023.09.30"]
[SourceQuality "1"]

1. c4 Nf6 2. Nf3 e6 3. e3 b6 4. b3 Bb7 5. Bb2 Be7 6. Nc3 0-0 7. Qc2 d5 8. cxd5 exd5 9. d4 c5 10. Rd1 Nc6 11. Be2 Rc8 12. dxc5 bxc5 13. Qf5 Qa5 14. 0-0 Rcd8 15. Na4 Bc8 16. Qb1 Ne4 17. Bd3 f5 18. Ne1 Bf6 19. Bxf6 Rxf6 20. Qb2 c4 21. Bxe4 fxe4 22. f4 Bg4 23. Rd2 d4 24. exd4 e3 25. Rc2 Nxd4 26. h3 e2 27. hxg4 exf1Q+ 28. Kxf1 Nxc2 29. Qxc2 Rxf4+ 30. Nf3 Qd2 0-1

[Event "Viljandi Raud Memorial 57th"]
[Site "Viljandi"]
[Date "2023.07.03"]
[Round "2"]
[White "Medar, Marti"]
[Black "Narva, Mai"]
[Result "0-1"]
[WhiteElo "2080"]
[BlackElo "2387"]
[PlyCount "58"]
[EventDate "2023.07.02"]
[EventType "swiss"]
[EventRounds "9"]
[EventCountry "EST"]
[SourceTitle "CBM 215 Extra"]
[Source "ChessBase"]
[SourceDate "2023.09.30"]
[SourceVersion "1"]
[SourceVersionDate "2023.09.30"]
[SourceQuality "1"]

1. d4 Nf6 2. Nf3 e6 3. c4 c5 4. e3 d5 5. Nc3 Nc6 6. a3 cxd4 7. exd4 Be7 8. Bg5 0-0 9. Be2 h6 10. Bh4 dxc4 11. Bxc4 b6 12. 0-0 Bb7 13. Rc1 Nh5 14. d5 Bxh4 15. dxc6 Bxc6 16. Ne5 Qxd1 17. Rfxd1 Be8 18. g3 Be7 19. Nb5 Nf6 20. Nc7 Rd8 21. Nxe8 Rxd1+ 22. Rxd1 Rxe8 23. Bb5 Rc8 24. Nc6 Rc7 25. b4 Bf8 26. Rc1 g5 27. f3 Nd5 28. Kf2 Bg7 29. Ba4 Nc3 0-1

[Event "Tallin Keres Memorial Rapid 32nd"]
[Site "Tallinn"]
[Date "2023.01.07"]
[Round "2"]
[White "Medar, Marti"]
[Black "Kulaots, Kaido"]
[Result "0-1"]
[WhiteElo "2063"]
[BlackElo "2526"]
[PlyCount "68"]
[EventDate "2023.01.07"]
[EventType "swiss (rapid)"]
[EventRounds "11"]
[EventCountry "EST"]
[SourceTitle "CBM 212 Extra"]
[Source "ChessBase"]
[SourceDate "2023.03.31"]
[SourceVersion "1"]
[SourceVersionDate "2023.03.31"]
[SourceQuality "1"]

1. d4 Nf6 2. Bf4 g6 3. Nc3 Bg7 4. e4 d6 5. h4 c6 6. Qd2 b5 7. a3 Nbd7 8. Nf3 Qc7 9. Be2 e5 10. Bh6 Bxh6 11. Qxh6 Bb7 12. dxe5 dxe5 13. 0-0-0 Ng4 14. Qg5 Ndf6 15. Rhf1 h6 16. Qd2 0-0 17. Ne1 Qb6 18. Nd3 a5 19. Bxg4 Nxg4 20. Qe2 h5 21. Rde1 b4 22. Na4 Qd4 23. Nac5 bxa3 24. c3 axb2+ 25. Qxb2 Qc4 26. f3 Nf6 27. Nxb7 Qxd3 28. Rd1 Qe3+ 29. Qd2 Qb6 30. Nd6 Rab8 31. Qc2 Qc5 32. Rd3 Rfd8 33. Rfd1 Qa3+ 34. Kd2 Rb2 0-1

[Event "EST-ch"]
[Site "Tallinn"]
[Date "2022.12.18"]
[Round "9"]
[White "Medar, Marti"]
[Black "Kiik, Kalle"]
[Result "0-1"]
[WhiteElo "2069"]
[BlackElo "2369"]
[PlyCount "72"]
[EventDate "2022.12.10"]
[EventType "tourn"]
[EventRounds "9"]
[EventCountry "EST"]
[EventCategory "3"]
[SourceTitle "CBM 211 Extra"]
[Source "ChessBase"]
[SourceDate "2023.01.31"]
[SourceVersion "1"]
[SourceVersionDate "2023.01.31"]
[SourceQuality "1"]

1. c4 e6 2. Nf3 d5 3. e3 c5 4. cxd5 exd5 5. d4 Nf6 6. Nc3 a6 7. Be2 Nc6 8. 0-0 Bd6 9. dxc5 Bxc5 10. Qa4 0-0 11. Rd1 Be6 12. a3 Bd6 13. e4 b5 14. Qc2 Rc8 15. exd5 Nxd5 16. Ng5 g6 17. Nxd5 Bxd5 18. Qd3 Ne7 19. Qh3 h5 20. Bxh5 Kg7 21. Bxg6 fxg6 22. Qh7+ Kf6 23. Rxd5 Bxh2+ 24. Qxh2 Qxd5 25. Be3 Rh8 26. Qf4+ Nf5 27. Ne4+ Kg7 28. Bd2 Rh4 29. g4 Rf8 30. Bc3+ Kg8 31. Qg5 Qc6 32. gxf5 Rxe4 33. fxg6 Qe6 34. Qh6 Qg4+ 35. Kh1 Qf3+ 36. Kh2 Qxf2+ 0-1

[Event "EST-ch"]
[Site "Tallinn"]
[Date "2022.12.16"]
[Round "7"]
[White "Timoshin, Andrei"]
[Black "Medar, Marti"]
[Result "1-0"]
[WhiteElo "2179"]
[BlackElo "2069"]
[PlyCount "83"]
[EventDate "2022.12.10"]
[EventType "tourn"]
[EventRounds "9"]
[EventCountry "EST"]
[EventCategory "3"]
[SourceTitle "CBM 211 Extra"]
[Source "ChessBase"]
[SourceDate "2023.01.31"]
[SourceVersion "1"]
[SourceVersionDate "2023.01.31"]
[SourceQuality "1"]

1. e4 d6 2. d4 Nf6 3. Nc3 Nbd7 4. g4 h6 5. h3 e5 6. Nge2 c6 7. a4 Be7 8. Bg2 Qc7 9. Be3 Nf8 10. 0-0 g5 11. Ng3 Ng6 12. Nf5 Bxf5 13. exf5 Nf4 14. Bxf4 exf4 15. d5 c5 16. Re1 Kf8 17. Nb5 Qd7 18. Qe2 Bd8 19. Na3 h5 20. Nc4 hxg4 21. hxg4 Rh4 22. Bf3 Bc7 23. Qd1 Kg7 24. Nd2 Rah8 25. Ne4 Nxe4 26. Rxe4 Bd8 27. Qe2 Bf6 28. c3 Qd8 29. Re1 Be5 30. Rxe5 dxe5 31. Qxe5+ Qf6 32. Qc7 Qh6 33. Qe5+ Qf6 34. Qe7 Qh6 35. Kf1 Qa6+ 36. Re2 Rh3 37. Qxg5+ Kh7 38. f6 Rg8 39. Qxf4 Re8 40. Ke1 Rxe2+ 41. Bxe2 Qb6 42. Qg5 1-0

[Event "Viljandi Valgmae Memorial"]
[Site "Viljandi"]
[Date "2022.07.02"]
[Round "5"]
[White "Medar, Marti"]
[Black "Valgmae, Toomas"]
[Result "0-1"]
[WhiteElo "2066"]
[BlackElo "2270"]
[PlyCount "158"]
[EventDate "2022.07.02"]
[EventType "swiss (rapid)"]
[EventRounds "9"]
[EventCountry "EST"]
[SourceTitle "CBM 209 Extra"]
[Source "ChessBase"]
[SourceDate "2022.09.30"]
[SourceVersion "1"]
[SourceVersionDate "2022.09.30"]
[SourceQuality "1"]

1. Nf3 d5 2. d4 c6 3. Bf4 Qb6 4. Nbd2 Nf6 5. Rb1 Bg4 6. e3 e6 7. Be2 c5 8. 0-0 Bd6 9. dxc5 Bxc5 10. Nb3 Bd6 11. Bxd6 Qxd6 12. c4 0-0 13. cxd5 Qxd5 14. Qxd5 Nxd5 15. Na5 b6 16. Nc4 Nc6 17. a3 Rfd8 18. Rbc1 Rac8 19. Rfd1 Kf8 20. h3 Bh5 21. g4 Bg6 22. Nce5 Nxe5 23. Nxe5 Bc2 24. Rd4 f6 25. Nf3 Ke7 26. Ba6 Rc7 27. Ne1 Bb3 28. Rxc7+ Nxc7 29. Rxd8 Kxd8 30. Bd3 h6 31. Kf1 g5 32. Ke2 Ke7 33. Kd2 Kd6 34. f3 Bd5 35. e4 Bc6 36. Ke3 e5 37. Nc2 Ne6 38. Bc4 Nf4 39. Bf1 a5 40. b4 h5 41. Kd2 h4 42. Ne3 axb4 43. axb4 Bd7 44. Kc3 Be6 45. Nd1 Ba2 46. Ne3 Ne6 47. Nf5+ Kd7 48. Be2 Nf4 49. Bf1 Be6 50. Ne3 Kc7 51. b5 Kd6 52. Kb4 Bf7 53. Nf5+ Kd7 54. Ne3 Be6 55. Nd1 Ba2 56. Ne3 Ne6 57. Nf5 Nc5 58. Be2 Kc7 59. Ne3 Be6 60. Bf1 Kd6 61. Nd1 Nb3 62. Ne3 Nd4 63. Bg2 Bf7 64. Nf1 Be8 65. Ne3 Bxb5 66. Nf5+ Nxf5 67. Kxb5 Ne3 68. Bh1 Kc7 69. Kb4 Kc6 70. Kc3 Kc5 71. Kd3 Nc4 72. Bg2 Kb4 73. Bf1 b5 74. Be2 Nd6 75. Bd1 Nf7 76. Kc2 Nd8 77. Kb2 Ne6 78. Bc2 Nf4 79. Bd1 Nxh3 0-1

[Event "Puhajarve Rapid op 21st"]
[Site "Puhajarve"]
[Date "2021.11.26"]
[Round "3"]
[White "Medar, Marti"]
[Black "Blomqvist, Erik"]
[Result "1/2-1/2"]
[WhiteElo "2004"]
[BlackElo "2542"]
[PlyCount "82"]
[EventDate "2021.11.26"]
[EventType "tourn (rapid)"]
[EventRounds "37"]
[EventCountry "EST"]
[SourceTitle "CBM 205 Extra"]
[Source "ChessBase"]
[SourceDate "2022.01.31"]
[SourceVersion "1"]
[SourceVersionDate "2022.01.31"]
[SourceQuality "1"]

1. d4 Nf6 2. Bf4 d5 3. Nc3 c5 4. e3 cxd4 5. exd4 a6 6. Nf3 Nc6 7. h3 Bf5 8. a3 e6 9. Bd3 Bxd3 10. Qxd3 Bd6 11. Bxd6 Qxd6 12. 0-0 0-0 13. Rfe1 Nd7 14. Ne2 b5 15. Ng3 g6 16. Qe3 Kg7 17. h4 Rae8 18. h5 f6 19. Nh4 Rg8 20. a4 b4 21. c3 bxc3 22. bxc3 Kf7 23. Qh6 Nf8 24. Rab1 Rb8 25. Rxb8 Qxb8 26. Qe3 Na5 27. Nf3 Nc4 28. Qh6 g5 29. Nh2 Qf4 30. Rb1 Nd6 31. Rb6 Rg7 32. Rxa6 Kg8 33. Rxd6 Qxd6 34. Qxf6 Qf4 35. Qd8 Rf7 36. Nf3 h6 37. Kh2 Rb7 38. a5 Qc7 39. Qf6 Qg7 40. Qd8 Qc7 41. Qf6 Qg7 1/2-1/2

[Event "EU-ch Online U2300 Qual"]
[Site "Chess.com INT"]
[Date "2020.05.25"]
[Round "4"]
[White "Medar, Marti"]
[Black "Florescu, Codrut Constantin"]
[Result "0-1"]
[WhiteElo "2019"]
[BlackElo "2293"]
[PlyCount "68"]
[EventDate "2020.05.25"]
[EventType "swiss"]
[EventRounds "8"]
[EventCountry "NET"]
[SourceTitle "EXT 2021"]
[Source "ChessBase"]
[SourceDate "2020.10.23"]
[SourceVersion "1"]
[SourceVersionDate "2020.10.23"]
[SourceQuality "1"]

1. d4 Nf6 2. Bf4 d5 3. e3 e6 4. c3 c5 5. Nd2 Nc6 6. Ngf3 Bd6 7. Bg3 0-0 8. Ne5 Bxe5 9. dxe5 Nd7 10. f4 f6 11. exf6 Nxf6 12. Be2 Qb6 13. Qb3 c4 14. Qxb6 axb6 15. e4 b5 16. e5 Nd7 17. 0-0 b4 18. Bh4 b5 19. cxb4 Nxb4 20. a3 Nc2 21. Rac1 Nd4 22. Bg4 g6 23. Nb1 h5 24. Bd1 Bb7 25. Nc3 Bc6 26. h3 Nf5 27. Bf2 d4 28. Na2 h4 29. Bg4 d3 30. Nb4 Bb7 31. b3 Rfc8 32. a4 cxb3 33. axb5 Rxc1 34. Rxc1 b2 0-1

[Event "EU-ch Online U2300 Qual"]
[Site "Chess.com INT"]
[Date "2020.05.25"]
[Round "6"]
[White "Medar, Marti"]
[Black "Petricek, Lukas"]
[Result "1-0"]
[WhiteElo "2019"]
[BlackElo "2096"]
[PlyCount "83"]
[EventDate "2020.05.25"]
[EventType "swiss"]
[EventRounds "8"]
[EventCountry "NET"]
[SourceTitle "EXT 2021"]
[Source "ChessBase"]
[SourceDate "2020.10.23"]
[SourceVersion "1"]
[SourceVersionDate "2020.10.23"]
[SourceQuality "1"]

1. d4 Nf6 2. Bf4 d5 3. e3 Bf5 4. c3 e6 5. Qb3 b6 6. Nf3 Bd6 7. Ne5 0-0 8. Nd2 c5 9. Be2 Qc7 10. Bg3 Nbd7 11. f4 Ne4 12. Nxe4 Bxe4 13. 0-0 f6 14. Nf3 c4 15. Qd1 b5 16. Nd2 Bg6 17. Bf3 Rab8 18. Kh1 a5 19. e4 Nb6 20. e5 fxe5 21. fxe5 Be7 22. Bg4 Qc6 23. Nf3 b4 24. Qd2 Bf5 25. Bxf5 Rxf5 26. Nh4 Bxh4 27. Rxf5 exf5 28. Bxh4 bxc3 29. bxc3 Na4 30. Qc2 g6 31. Bf6 Rb2 32. Qc1 Qb7 33. h3 Rb6 34. Qa3 Qd7 35. Re1 Re6 36. Rb1 Rb6 37. Rxb6 Nxb6 38. Qxa5 Nc8 39. Qa6 Ne7 40. Qd6 Qxd6 41. exd6 Nc6 42. d7 1-0

[Event "EU-ch Online U2300 Qual"]
[Site "Chess.com INT"]
[Date "2020.05.25"]
[Round "5"]
[White "Yakimova, Mariya"]
[Black "Medar, Marti"]
[Result "1-0"]
[WhiteElo "2269"]
[BlackElo "2019"]
[PlyCount "61"]
[EventDate "2020.05.25"]
[EventType "swiss"]
[EventRounds "8"]
[EventCountry "NET"]
[SourceTitle "EXT 2021"]
[Source "ChessBase"]
[SourceDate "2020.10.23"]
[SourceVersion "1"]
[SourceVersionDate "2020.10.23"]
[SourceQuality "1"]

1. d4 c6 2. c4 d6 3. Nf3 Qc7 4. g3 Bg4 5. Bg2 Nd7 6. 0-0 Ngf6 7. Nc3 e5 8. d5 Be7 9. h3 Bh5 10. e4 Nc5 11. Re1 a5 12. Qc2 0-0 13. g4 Bg6 14. Nh4 cxd5 15. Nxg6 hxg6 16. Nxd5 Nxd5 17. cxd5 Rac8 18. Be3 Qd7 19. Qd2 b6 20. g5 f5 21. gxf6 gxf6 22. Kh2 Kh7 23. Rg1 f5 24. exf5 gxf5 25. Qe2 Qe8 26. Bf3 Rg8 27. Bh5 Qf8 28. Rxg8 Qxg8 29. Rg1 Qxd5 30. Bg6+ Kg7 31. Bxf5+ 1-0

[Event "Sitges Sunway op-B 6th"]
[Site "Sitges"]
[Date "2019.12.21"]
[Round "9.1"]
[White "Medar, Marti"]
[Black "Roch, Florian"]
[Result "1/2-1/2"]
[WhiteElo "1995"]
[BlackElo "1979"]
[PlyCount "133"]
[EventDate "2019.12.13"]
[EventType "swiss"]
[EventRounds "10"]
[EventCountry "ESP"]
[SourceTitle "EXT 2024"]
[Source "ChessBase"]
[SourceDate "2023.10.10"]
[SourceVersion "1"]
[SourceVersionDate "2023.10.10"]
[SourceQuality "1"]

1. d4 Nf6 2. Bf4 d5 3. e3 c5 4. c3 Nc6 5. Nd2 e6 6. Ngf3 cxd4 7. exd4 Nh5 8. Be3 Bd6 9. g3 g6 10. Bh6 Rg8 11. Bd3 Ng7 12. Nb3 Nf5 13. Bd2 Qe7 14. Qe2 Bd7 15. Ne5 0-0-0 16. 0-0-0 Kb8 17. f4 Rc8 18. Kb1 Be8 19. Rhe1 Qc7 20. Rc1 Qb6 21. g4 Nfe7 22. Be3 Na5 23. Nc5 Rc7 24. b4 f6 25. Nf3 Nc4 26. Bxc4 dxc4 27. Nd2 Qc6 28. Nde4 Nd5 29. Nxd6 Qxd6 30. Bd2 Re7 31. Qxc4 Bf7 32. Ne4 Qd8 33. Qd3 Qc7 34. c4 Nxf4 35. Qf3 g5 36. h4 Bg6 37. Ka1 Rf8 38. Nc5 Qd6 39. Bxf4 gxf4 40. Rcd1 Bf7 41. Re4 Bg8 42. Qxf4 e5 43. Qf3 Rd8 44. d5 a5 45. a3 axb4 46. axb4 Kc7 47. Kb2 Qb6 48. Qc3 Ree8 49. Re2 Ra8 50. d6+ Kd8 51. Nb3 Ra4 52. Qf3 Rf8 53. Ra1 Rxa1 54. Kxa1 Qxb4 55. Ra2 Kd7 56. Nc5+ Kxd6 57. Nxb7+ Kc7 58. Na5 Qe1+ 59. Kb2 Rb8+ 60. Nb3 Qd2+ 61. Kb1 Qb4 62. Ra7+ Rb7 63. Rxb7+ Qxb7 64. Qxb7+ Kxb7 65. Nc5+ Kc6 66. Ne4 Bxc4 67. Nxf6 1/2-1/2

[Event "EU-ch blitz"]
[Site "Tallinn"]
[Date "2019.12.07"]
[Round "3"]
[White "Ziska, Helgi Dam"]
[Black "Medar, Marti"]
[Result "1-0"]
[WhiteElo "2614"]
[BlackElo "2218"]
[PlyCount "73"]
[EventDate "2019.12.07"]
[EventType "swiss (blitz)"]
[EventRounds "22"]
[EventCountry "EST"]
[SourceTitle "CBM 193 Extra"]
[Source "ChessBase"]
[SourceDate "2020.01.31"]
[SourceVersion "1"]
[SourceVersionDate "2020.01.31"]
[SourceQuality "1"]

1. e4 e6 2. d3 b6 3. f4 Bb7 4. Nf3 d6 5. g3 Nd7 6. Bg2 g6 7. 0-0 Bg7 8. c3 Ne7 9. Be3 0-0 10. Nbd2 a6 11. Re1 d5 12. e5 Nf5 13. Bf2 h5 14. b4 c5 15. bxc5 bxc5 16. Rb1 Bc6 17. Nb3 Ba4 18. Qc1 Qc7 19. Qa3 Bxb3 20. axb3 Rfb8 21. c4 Rb4 22. cxd5 exd5 23. e6 fxe6 24. Rxe6 Nf8 25. Rxa6 Rd8 26. Ra7 Qb6 27. Ra6 Qb8 28. Bxc5 Rb5 29. d4 Nd7 30. Rxg6 Nxc5 31. dxc5 Ne3 32. b4 Nxg2 33. Kxg2 d4 34. Qb3+ Kh7 35. Qf7 Rg8 36. Ng5+ Kh8 37. Rh6+ 1-0

[Event "Puhajarve rap op 19th"]
[Site "Puhajarve"]
[Date "2018.11.25"]
[Round "34"]
[White "Medar, Marti"]
[Black "Kiik, Kalle"]
[Result "1/2-1/2"]
[WhiteElo "2017"]
[BlackElo "2411"]
[PlyCount "65"]
[EventDate "2018.11.23"]
[EventType "tourn (rapid)"]
[EventRounds "35"]
[EventCountry "EST"]
[SourceTitle "CBM 187 Extra"]
[Source "ChessBase"]
[SourceDate "2018.11.04"]
[SourceVersion "1"]
[SourceVersionDate "2018.11.04"]
[SourceQuality "1"]

1. Nf3 d6 2. d4 Bg4 3. b4 Nd7 4. Bb2 Ngf6 5. Nbd2 e6 6. e3 d5 7. a3 Bd6 8. c4 c6 9. Be2 0-0 10. Ne5 Bxe2 11. Qxe2 a5 12. c5 Bc7 13. f4 Nxe5 14. fxe5 Nd7 15. 0-0 f6 16. exf6 Nxf6 17. g3 Qd7 18. Bc3 a4 19. e4 dxe4 20. Nxe4 Nxe4 21. Qxe4 Qd5 22. Qxd5 exd5 23. Rae1 Rxf1+ 24. Kxf1 Rf8+ 25. Kg2 Kf7 26. Rf1+ Ke7 27. Rxf8 Kxf8 28. Kf3 Kf7 29. Bd2 Ke6 30. Kg4 b6 31. Bf4 Bd8 32. Bg5 Bc7 33. Bf4 1/2-1/2

[Event "Puhajarve rap op 19th"]
[Site "Puhajarve"]
[Date "2018.11.24"]
[Round "11"]
[White "Medar, Marti"]
[Black "Leito, Priit"]
[Result "1/2-1/2"]
[WhiteElo "2017"]
[BlackElo "2333"]
[PlyCount "35"]
[EventDate "2018.11.23"]
[EventType "tourn (rapid)"]
[EventRounds "35"]
[EventCountry "EST"]
[SourceTitle "CBM 187 Extra"]
[Source "ChessBase"]
[SourceDate "2018.11.04"]
[SourceVersion "1"]
[SourceVersionDate "2018.11.04"]
[SourceQuality "1"]

1. d4 d5 2. Bf4 e6 3. e3 c5 4. c3 Nc6 5. Nd2 Bd6 6. Bg3 Nge7 7. Ngf3 0-0 8. Bd3 f5 9. Ne5 Bxe5 10. dxe5 Bd7 11. 0-0 Ng6 12. f4 Nce7 13. Bf2 Bc6 14. a4 b6 15. Bb5 Qd7 16. Qe2 Bxb5 17. axb5 c4 18. Ra3 1/2-1/2

[Event "Puhajarve rap op 19th"]
[Site "Puhajarve"]
[Date "2018.11.24"]
[Round "15"]
[White "Medar, Marti"]
[Black "Schuls, Olev"]
[Result "0-1"]
[WhiteElo "2017"]
[BlackElo "2224"]
[PlyCount "106"]
[EventDate "2018.11.23"]
[EventType "tourn (rapid)"]
[EventRounds "35"]
[EventCountry "EST"]
[SourceTitle "CBM 187 Extra"]
[Source "ChessBase"]
[SourceDate "2018.11.04"]
[SourceVersion "1"]
[SourceVersionDate "2018.11.04"]
[SourceQuality "1"]

1. d4 Nf6 2. Bf4 b5 3. e3 a6 4. a4 b4 5. c4 e6 6. Nd2 d6 7. Ngf3 Bb7 8. h3 Nbd7 9. a5 Be7 10. Bd3 0-0 11. 0-0 c5 12. Nb3 Qc7 13. Qc2 Rfe8 14. Rfe1 Bf8 15. Bh2 e5 16. dxe5 dxe5 17. Nbd2 g6 18. Ne4 Bg7 19. Nfd2 Qc6 20. f3 Rad8 21. Bg3 h6 22. Bh4 Rc8 23. Red1 Nh7 24. g4 Ndf8 25. Bf2 Ne6 26. h4 Kh8 27. Ng3 Rcd8 28. Be4 Qc7 29. Nb3 Nf6 30. Bxb7 Qxb7 31. Qe2 Qc6 32. Rxd8 Rxd8 33. Rd1 Rxd1+ 34. Qxd1 Qa4 35. Qd3 e4 36. Nxe4 Nxe4 37. fxe4 Bxb2 38. Bg3 Bc3 39. Qc2 Kg7 40. Bd6 Qc6 41. Qd3 Bf6 42. h5 gxh5 43. gxh5 Ng5 44. e5 Nf3+ 45. Kf2 Bxe5 46. Bxc5 Ng5 47. Qd5 Qf6+ 48. Ke2 Kh7 49. Bd4 Bxd4 50. Qxd4 Qf3+ 51. Kd2 Qf2+ 52. Kd3 Qf1+ 53. Kd2 Nf3+ 0-1

[Event "Puhajarve rap op 19th"]
[Site "Puhajarve"]
[Date "2018.11.24"]
[Round "14"]
[White "Seeman, Tarvo"]
[Black "Medar, Marti"]
[Result "1-0"]
[WhiteElo "2403"]
[BlackElo "2017"]
[PlyCount "111"]
[EventDate "2018.11.23"]
[EventType "tourn (rapid)"]
[EventRounds "35"]
[EventCountry "EST"]
[SourceTitle "CBM 187 Extra"]
[Source "ChessBase"]
[SourceDate "2018.11.04"]
[SourceVersion "1"]
[SourceVersionDate "2018.11.04"]
[SourceQuality "1"]

1. e4 e6 2. d3 b6 3. Nf3 Bb7 4. g3 d6 5. Bg2 Nd7 6. 0-0 g6 7. c4 Bg7 8. Nc3 Ne7 9. Re1 0-0 10. Bd2 e5 11. b4 a5 12. a3 h6 13. Nd5 c6 14. Nxe7+ Qxe7 15. Qe2 Kh7 16. h4 a4 17. h5 g5 18. Bh3 Nf6 19. Bf5+ Kg8 20. Nh2 Bc8 21. Bxc8 Raxc8 22. Ng4 Nd7 23. Ne3 Qe6 24. Qf3 b5 25. Rac1 bxc4 26. dxc4 Rfd8 27. Ng4 Nb6 28. Ne3 Bf8 29. Red1 Kh8 30. Kg2 Kg8 31. Be1 Be7 32. b5 cxb5 33. Ba5 Nxc4 34. Bxd8 Nxe3+ 35. Qxe3 Rxd8 36. Rd5 f5 37. Rxb5 f4 38. Qd3 Qg4 39. Qf3 Qe6 40. Rb7 Bf6 41. Qd3 Kf8 42. Qc4 d5 43. exd5 Qxd5+ 44. Qxd5 Rxd5 45. Rc8+ Bd8 46. Kf3 Rd4 47. gxf4 gxf4 48. Kg4 Ke8 49. f3 Rd3 50. Kf5 Rxf3 51. Ke6 Rd3 52. Rh7 Kf8 53. Rh8+ Kg7 54. Rhxd8 Rxd8 55. Rxd8 f3 56. Kxe5 1-0

[Event "EST-ch U20"]
[Site "Tallinn"]
[Date "2018.04.27"]
[Round "4"]
[White "Vorobjov, Pavel"]
[Black "Medar, Marti"]
[Result "1-0"]
[WhiteElo "2233"]
[BlackElo "2024"]
[PlyCount "119"]
[EventDate "2018.04.25"]
[EventType "swiss"]
[EventRounds "9"]
[EventCountry "EST"]
[SourceTitle "CBM 184 Extra"]
[Source "ChessBase"]
[SourceDate "2018.06.28"]
[SourceVersion "1"]
[SourceVersionDate "2018.06.28"]
[SourceQuality "1"]

1. d4 d5 2. Nf3 e6 3. Bf4 c5 4. e3 Qb6 5. Nc3 Bd7 6. Rb1 cxd4 7. exd4 Nf6 8. Be2 Bd6 9. Ne5 Nc6 10. Nxd7 Kxd7 11. Be3 a6 12. 0-0 Qc7 13. Kh1 b5 14. Bd3 h5 15. f4 Ng4 16. Qf3 g6 17. a4 b4 18. Ne2 f5 19. Rbd1 Na5 20. b3 Ke7 21. Bf2 Nxf2+ 22. Qxf2 Kf7 23. Ng1 Rhe8 24. g3 Be7 25. Nf3 Bf6 26. Qe2 Qb6 27. Ne5+ Bxe5 28. fxe5 Nc6 29. g4 hxg4 30. Qxg4 Kg7 31. Bxf5 exf5 32. Rxf5 Ne7 33. Rf6 Qc7 34. Rdf1 Qxc2 35. Rf7+ Kg8 36. Qe6 Qe4+ 37. R1f3 Qe1+ 38. Kg2 Qd2+ 39. Kh1 Qe1+ 40. Kg2 Qd2+ 41. Rf2 Qg5+ 42. Kh1 Kh8 43. h4 Qc1+ 44. Kh2 Qh6 45. Qf6+ Kg8 46. Rxe7 Rf8 47. Rf7 Rxf7 48. Qxf7+ Kh8 49. Qf6+ Kg8 50. Rg2 Kh7 51. Qe7+ Kh8 52. Qg5 Qxg5 53. Rxg5 Kh7 54. e6 Re8 55. Re5 Kg7 56. Kg3 Kf6 57. Kf4 Rxe6 58. Rxd5 Rc6 59. Rc5 Rb6 60. d5 1-0

[Event "EST-ch"]
[Site "Tallinn"]
[Date "2017.08.05"]
[Round "6"]
[White "Medar, Marti"]
[Black "Petrov, Dmitri"]
[Result "0-1"]
[WhiteElo "1980"]
[BlackElo "2215"]
[PlyCount "80"]
[EventDate "2017.08.01"]
[EventType "swiss"]
[EventRounds "7"]
[EventCountry "EST"]
[SourceTitle "CBM 179 Extra"]
[Source "ChessBase"]
[SourceDate "2017.08.23"]
[SourceVersion "1"]
[SourceVersionDate "2017.08.23"]
[SourceQuality "1"]

1. d4 d5 2. Bf4 c5 3. c3 Nc6 4. e3 Nf6 5. Nf3 Qb6 6. Na3 c4 7. Qc1 Bf5 8. h3 h6 9. Be2 e6 10. 0-0 Be7 11. Nd2 0-0 12. b3 Qa5 13. b4 Qb6 14. g4 Bh7 15. Qb2 a5 16. Naxc4 dxc4 17. Nxc4 Qd8 18. b5 Nb8 19. a4 Nbd7 20. Rfc1 Nd5 21. Bh2 Bh4 22. Nd6 Qf6 23. Bf1 h5 24. e4 Nf4 25. f3 Bg5 26. e5 Qh6 27. Bxf4 Bxf4 28. Re1 f6 29. Nxb7 fxe5 30. Qe2 hxg4 31. fxg4 Bg3 32. Bg2 Rf2 33. Qe3 Qh4 34. Nc5 Raf8 35. Nxd7 Rxg2+ 36. Kxg2 Rf2+ 37. Qxf2 Bxf2 38. Red1 Be4+ 39. Kf1 Be3 40. Ra2 Bf3 0-1

[Event "EST-ch"]
[Site "Tallinn"]
[Date "2017.08.04"]
[Round "5"]
[White "Korchagin, Oleg"]
[Black "Medar, Marti"]
[Result "0-1"]
[WhiteElo "2158"]
[BlackElo "1980"]
[PlyCount "70"]
[EventDate "2017.08.01"]
[EventType "swiss"]
[EventRounds "7"]
[EventCountry "EST"]
[SourceTitle "CBM 179 Extra"]
[Source "ChessBase"]
[SourceDate "2017.08.23"]
[SourceVersion "1"]
[SourceVersionDate "2017.08.23"]
[SourceQuality "1"]

1. d4 Nf6 2. c4 d6 3. Nc3 c6 4. e4 Qc7 5. Be2 e5 6. Nf3 Bg4 7. Be3 Nbd7 8. 0-0 a5 9. d5 Nc5 10. Nd2 h5 11. f3 Bd7 12. a3 h4 13. Rb1 Nh5 14. b4 Na6 15. dxc6 bxc6 16. b5 Nc5 17. Nb3 Ne6 18. b6 Qb7 19. c5 a4 20. Nd2 d5 21. exd5 cxd5 22. Nb5 Nhf4 23. Re1 h3 24. g3 Ng2 25. Bf2 Nxe1 26. Qxe1 Be7 27. Bf1 f6 28. f4 exf4 29. gxf4 Kf8 30. f5 Nxc5 31. Qxe7+ Kxe7 32. Bxc5+ Kd8 33. Nd6 Qc6 34. Rc1 Ra5 35. Nf7+ Kc8 0-1

[Event "Puhajarve rap op 17th"]
[Site "Puhajarve"]
[Date "2016.11.27"]
[Round "31"]
[White "Medar, Marti"]
[Black "Kovalenko, Igor"]
[Result "1-0"]
[WhiteElo "1985"]
[BlackElo "2684"]
[PlyCount "33"]
[EventDate "2016.11.25"]
[EventType "tourn (rapid)"]
[EventRounds "35"]
[EventCountry "EST"]
[SourceTitle "EXT 2018"]
[Source "ChessBase"]
[SourceDate "2017.10.13"]
[SourceVersion "1"]
[SourceVersionDate "2017.10.13"]
[SourceQuality "1"]

1. Nf3 Nf6 2. c4 e6 3. g3 d5 4. Bg2 Nbd7 5. cxd5 exd5 6. 0-0 Bd6 7. d3 0-0 8. Nc3 Re8 9. Re1 Ne5 10. Nxe5 Bxe5 11. d4 Bd6 12. Bg5 c6 13. e4 dxe4 14. Nxe4 Be7 15. Nxf6+ gxf6 16. Bh6 Be6 17. Rxe6 1-0